00341nam a2200133 a 4500008004100000020001500041050001500056100001400071245002700085250001200112260005100124300002300175350000900198120416s0000 ||||||||||||||||| || u a0818500735 aBF 149 Pro aPronko, N10aPanorama of Psychology a2nd ed. aCaliforniabWadsworth Publishing Companyc1973 axiii, 478p. : ill. a0.00